[Event "Simultanee Europchess - "]
[Site "Bruxelles"]
[Date "2019.05.17"]
[Round "?"]
[White "Marin, Mihail"]
[Black "Jassem, Philippe"]
[Result "1-0"]
[WhiteElo "2531"]
[BlackElo "1651"]
[Annotator "Frank Hoffmeister"]
[PlyCount "65"]
[EventDate "2019.05.17"]
[SourceDate "2019.06.19"]

1. f4 d5 2. Nf3 Bg4 3. e3 Nd7 4. Be2 Ngf6 5. O-O e6 6. b3 c5 7. Bb2 Be7 8. Nc3
O-O 9. Ne5 Nxe5 10. fxe5 Bxe2 11. Nxe2 Nd7 12. Nf4 Qc8 13. Qg4 b5 14. Rf3 g6
15. Nh5 d4 16. Raf1 (16. Nf6+ Nxf6 17. exf6 Bd6 18. Rh3 $1 $18) 16... dxe3 17.
Rxe3 c4 18. Rh3 f5 $4 (18... cxb3 19. cxb3 Qc2 20. Bc3 b4 21. Bxb4 Bxb4 22.
Qxb4 gxh5 $17 {devait A|_tre jouA  avec du contre-jeu pour les Noirs.}) 19.
exf6 Bc5+ 20. Kh1 Rf7 21. Nf4 Nxf6 $2 (21... e5) 22. Qxe6 Nh5 $2 23. Qxf7+ $1 (
23. Qd5 {A tait A galement trA..s fort mais le coup du texte mA..ne A  une
formidable chasse royale.}) 23... Kxf7 24. Nxh5+ Ke7 25. Nf6 Qa6 $2 (25... Qe6
$1 26. Rxh7+ Kd6 27. Ne4+ Qxe4 28. Rf6+ Qe6 29. Rxe6+ Kxe6 {
Et tout n'est pas encore fini pour les Noirs}) 26. Rxh7+ Ke6 27. Re1+ Kf5 28.
g4+ Kg5 29. h4+ Kf4 30. Rf1+ Bf2 31. Rxf2+ Kg3 32. Rg2+ Kf3 33. Re7 1-0

[Event "Simultanee Europchess - "]
[Site "Bruxelles"]
[Date "2019.05.17"]
[Round "?"]
[White "Marin, Mihail"]
[Black "Czuczai, Jenoe"]
[Result "1/2-1/2"]
[WhiteElo "2531"]
[BlackElo "2136"]
[Annotator "Frank Hoffmeister"]
[PlyCount "67"]
[EventDate "2019.05.17"]
[SourceDate "2019.06.19"]

1. f4 d5 2. Nf3 f5 3. b3 Nf6 4. Bb2 e6 5. e3 Bd6 6. Be2 O-O 7. O-O b6 8. c4 Bb7
9. Nc3 c6 10. Qc2 Qe7 11. Rac1 Ne4 12. d3 Nxc3 13. Bxc3 Nd7 14. Bb2 Ba3 15. Ba1
$2 {(Ce sacrifice ne donne pas suffisamment de compensations)} 15... Bxc1 16.
Rxc1 dxc4 17. bxc4 c5 18. a4 h6 19. Bb2 Rab8 20. h3 Bc6 21. Ra1 g5 22. Kh2 Kh7
23. Qd2 Rg8 (23... g4 24. Ne5 Nxe5 25. Bxe5 gxh3 26. gxh3 Rg8 $16) 24. g3 Qf7
25. Qe1 Rg6 26. Qf2 Rbg8 27. Rg1 Bxf3 28. Bxf3 Nf6 29. Be2 g4 $2 ({
JenAP a mis en place une bonne pression sur l'aile roi. Avec} 29... gxf4 30.
exf4 h5 {l'initative des Noirs devient dangereuse. Mais avec la fermeture de
la position, les deux camps signent la paix.}) 30. h4 h5 31. Ra1 a5 32. Bd1 Rd8
33. Bc2 Rb8 34. Rb1 {1/2} 1/2-1/2

[Event "Simultanee Europchess - "]
[Site "Bruxelles"]
[Date "2019.05.17"]
[Round "?"]
[White "Marin, Mihail"]
[Black "Koelloe, Edit"]
[Result "0-1"]
[WhiteElo "2531"]
[BlackElo "1653"]
[Annotator "Frank Hoffmeister"]
[PlyCount "98"]
[EventDate "2019.05.17"]
[SourceDate "2019.06.19"]

1. d4 Nf6 2. c4 e6 3. g3 d5 4. Bg2 Nc6 5. Nf3 Bb4+ 6. Bd2 Bxd2+ 7. Nbxd2 O-O 8.
O-O b6 9. Rc1 Bb7 10. Qc2 Rc8 11. a3 Qe7 12. b4 a5 13. b5 Nb8 14. Qb3 (14. cxd5
exd5 15. Bh3 $14) 14... dxc4 15. Nxc4 Rfd8 16. Rfd1 Bd5 17. Qb2 Nbd7 18. Nfe5
Ne4 19. Nxd7 Qxd7 20. Ne5 Qe8 21. Qc2 f5 22. a4 Rd6 23. Qd3 c6 $6 24. bxc6 $2 (
24. f3 $1 Nf6 25. e4 $18) 24... Bxc6 25. Qa6 $2 (25. Nc4 Rdd8 26. Nxb6 Bxa4 27.
Nxa4 Qxa4 28. Bxe4 fxe4 29. Qxe4 $16) 25... Ra8 $1 26. Qc4 Bxa4 {
(les Noirs sortent de la position avec deux pions passA s A  l'aile dame)} 27.
Bxe4 fxe4 28. Rd2 b5 29. Qc7 Rdd8 30. Nc6 $2 (30. Rc5 {
prA vient l'avance du pion b}) 30... Rd7 31. Qe5 Rd5 32. Qxe4 Bb3 (32... b4 {
A tait aussi possible}) 33. Rb2 a4 34. Nb4 Rdd8 35. Rc7 Rdc8 36. Rc5 Bc4 37.
Qe5 a3 38. Rb1 a2 39. Ra1 Ra4 $1 40. Nc2 b4 {  Avec un jeu prA cis, Edit a
construit une position gagnante. Les Blancs sont perdus.} 41. Ne3 b3 $1 42. Nd1
Rb4 43. Nb2 Bd5 44. Rac1 Rxc5 45. dxc5 Re4 $1 46. Qc3 Rxe2 47. Nd3 Rc2 48. Rxc2
bxc2 49. Nc1 Qa4 0-1

[Event "Simultanee Europchess - "]
[Site "Bruxelles"]
[Date "2019.05.17"]
[Round "?"]
[White "Marin, Mihail"]
[Black "Suskovic, Matija"]
[Result "0-1"]
[WhiteElo "2531"]
[BlackElo "2136"]
[Annotator "Frank Hoffmeister"]
[PlyCount "122"]
[EventDate "2019.05.17"]
[SourceDate "2019.06.19"]

1. d4 Nf6 2. c4 g6 3. g3 Bg7 4. Bg2 d6 5. Nc3 O-O 6. Nf3 Nbd7 7. O-O e5 8. e4
c6 9. h3 exd4 10. Nxd4 Qb6 11. Nc2 {Une ligne secondaire} (11. Re1 {ou}) (11.
Rb1 {sont les coups principaux}) 11... Ne8 12. Bd2 a5 13. b3 Nc5 14. Rb1 f5 15.
Qe2 fxe4 (15... Qc7 {devrait forcer l'A change en e4, suivi par Ff5 A tant
donnA  qu'il n'y a pas Fe3 pour gagner un temps en attaquant la dame.}) 16.
Nxe4 Nxe4 17. Qxe4 Bf5 18. Qe2 Nf6 (18... Bxc2 19. Be3 Bd4 20. Bxd4 Qxd4 21.
Qxc2 Ng7 $11) 19. Be3 Rae8 20. Rbd1 c5 21. Na3 Ne4 22. Nb5 Rf6 23. g4 Bd7 24.
Bxe4 Rxe4 25. Nc3 Qc6 26. Nxe4 Qxe4 27. f3 Qe8 28. Qd3 Bc6 29. Kg2 {AprA..s plu
sieurs coups forcA s, les Blancs ont gagnA  dans l'A change mais ils ont une
faiblesse sur l'aile roi. Les deux fous noirs offrent une certaine
compensation.} 29... Re6 30. Rde1 Qf7 31. Bd2 Be5 32. Bc3 h5 33. Bxe5 dxe5 34.
Re3 $2 (34. gxh5 gxh5 35. Qe3 $16 {Garde un oeil sur f4}) 34... Qf4 $1 35. gxh5
gxh5 ({L'ordinateur donne :} 35... e4 36. fxe4 Rxe4 $1 37. Rxf4 Rxe3+ $14) 36.
Rg1 Kf7 $2 (36... Kh8 {est nA cessaire}) 37. Qh7+ Ke8 38. Qxh5+ $2 (38. Kf1 $3
{avec la menace Tg8 et le mat.} {AprA..s} 38... Kd8 39. Rd3+ Kc8 40. Rg8+ Re8
41. Rxe8+ Bxe8 42. Qe7 {1-0}) 38... Kd8 39. Rge1 Be8 $1 40. Rd3+ Kc7 41. Qh7+
Kb6 42. Qe4 (42. Re4 Qc1 43. Qf5 {A tait difficile A  voir. AprA..s le coup du
texte, les Noirs ont une trA..s forte initiative.}) 42... Rg6+ 43. Kf2 Qh2+ 44.
Ke3 Rg2 45. Rd5 Rxa2 46. Qxe5 Qf2+ 47. Kf4 (47. Kd3 $2 Bg6+) 47... Bc6 48. Qe3
({Le chemin vers la nulle passait par} 48. Kg4) ({Ou} 48. Kg5) 48... Qh4+ 49.
Ke5 Bxd5 50. cxd5 Rg2 $1 {
La position blanche est grillA e face aux A checs sur les colonnes g et h} 51.
d6 Rg5+ 52. Ke6 Qh6+ 53. Kd7 Rg7+ 54. Qe7 Rxe7+ 55. Rxe7 (55. dxe7 $2 Qd2+)
55... Qxh3+ 56. Re6 a4 57. bxa4 c4 58. Ke7 Qh7+ 59. Ke8 c3 60. Re4 Qh8+ 61. Ke7
Qg7+ 0-1

[Event "Simultanee Europchess - "]
[Site "Bruxelles"]
[Date "2019.05.17"]
[Round "?"]
[White "Marin, Mihail"]
[Black "Bertram, Johannes"]
[Result "1/2-1/2"]
[WhiteElo "2531"]
[BlackElo "1911"]
[Annotator "Frank Hoffmeister"]
[PlyCount "121"]
[EventDate "2019.05.17"]
[SourceDate "2019.06.19"]

1. c4 e5 2. g3 d6 3. Bg2 f5 4. Nc3 Nf6 5. e3 Be7 6. Nge2 O-O 7. d4 c6 8. b3 Na6
9. Bb2 Bd7 (9... e4 {ou}) (9... Qe8 {ont dA jA  A tA  jouA s}) 10. d5 Qe8 11.
Qd2 Rc8 12. h3 Kh8 13. g4 $5 Nc7 (13... fxg4 14. hxg4 Nxg4 15. f3 Nxe3 $1 16.
Qxe3 Nb4 17. Rc1 Qg6 $17 {Et une compensation A  long terme pour les Noirs.
Ils ont deux pions pour la piA..ces et les piA..ces blanches ne sont pas idA
 alement coordonnA es.}) 14. g5 Nh5 15. f4 e4 16. h4 Na6 17. Ba3 Qg6 18. Kf2
Rfd8 19. Rad1 Be8 20. Qc2 Bf8 21. Nd4 cxd5 22. Nxd5 {Maintenant les Blancs ont
un clair avantage car la position des Noirs semble bloquA e et sans rA el plan
pour continuer.} 22... Bc6 23. Nc3 (23. Qe2 $1) 23... Qf7 24. Bf1 Rd7 {
PrA pare une combinaison sur la grande diagonale.} ({L'immA diat} 24... Nxf4
25. exf4 e3+ {
ne fonctionne pas car les Blancs peuvent d'abord prendre en c6 puis en d8}) 25.
Be2 {Les Blancs poursuivent leur plan.} ({
Les Noirs auront des problA..mes aprA..s} 25. b4 $1 $18) 25... Nc5 26. Rd2 ({
Les deux joueurs ont considA rA } 26. Bxc5 dxc5 27. Nxc6 Rxc6 28. Rxd7 Qxd7 29.
Bxh5 {avec gain d'une piA..ce pour les Blancs.}) {
Johannes saisit maintenant sa chance au vol :} 26... Nxf4 $1 27. exf4 e3+ 28.
Kxe3 Re8+ 29. Kf2 Bxh1 30. Qxf5 Qe7 31. Qh3 Ne4+ 32. Nxe4 Bxe4 $2 (32... Qxe4
$1 33. Qxd7 Qg2+ 34. Ke1 Qg1# {aurait couronnA  l'attaque des Noirs. Mais
Johannes a seulement calculA  33. ... De3+ qui permet au roi blanc de s'A
 chapper.}) 33. Bg4 Qf7 $1 34. Qg3 Rdd8 35. Nb5 d5 $1 36. Bxf8 Qxf8 37. Nc3
Qc5+ 38. Kf1 d4 39. Qf2 Qb6 $2 (39... dxc3 40. Qxc5 Rxd2 $1 {
amA..ne des problA..mes insurmontables pour les Blancs.} {Regardons} 41. Qb5
Bd3+ 42. Be2 Rexe2 {0-1}) 40. Nb5 d3 41. Qxb6 axb6 42. Kf2 g6 43. Nc3 Bc6 44.
b4 Rd4 45. b5 Bd7 (45... Bh1 $1 $17 {
Permet au fou de continuer son travail sur la grande diagonale}) 46. Bxd7 Rxd7
47. Nd5 Rd6 $2 (47... Re4 $1 48. Nxb6 Rdd4 $17 {
Et les tours noires auraient A tA  bien plus fortes que dans la partie.}) 48.
Rxd3 Re4 49. Rc3 Kg7 50. a4 Kf7 51. Kf3 Re1 52. Re3 Rxe3+ 53. Kxe3 Kf8 54. Kd4
Kf7 55. Kc3 Ke6 56. Nxb6 Rd1 57. Kb4 Kd6 58. a5 $2 (58. c5+ Ke6 59. Nc4 {
semble trA..s fort pour les Blancs. Par exemple :} 59... Rb1+ 60. Ka5 Rc1 61.
Nd6 {1-0}) 58... Rb1+ 59. Kc3 Ra1 60. Kb4 Rb1+ 61. Kc3 1/2-1/2

[Event "Simultanee Europchess - "]
[Site "Bruxelles"]
[Date "2019.05.17"]
[Round "?"]
[White "Marin, Mihail"]
[Black "Mueller, Martin"]
[Result "1/2-1/2"]
[WhiteElo "2531"]
[BlackElo "2038"]
[Annotator "Frank Hoffmeister"]
[PlyCount "108"]
[EventDate "2019.05.17"]
[SourceDate "2019.06.19"]

1. Nf3 d5 2. g3 Bg4 3. Bg2 Nd7 4. c4 e6 5. cxd5 exd5 6. O-O c6 7. Nc3 Ngf6 8.
d3 Bc5 9. Qb3 Qb6 10. Qc2 Be7 11. e4 (11. Be3 Qc7 12. Nd4 Nb6 13. h3 Bd7 14.
Bf4 Qc8 15. Kh2) 11... dxe4 12. dxe4 Bxf3 13. Bxf3 h5 14. Bg5 Qc5 15. Be3 Qa5
16. Rad1 h4 17. a3 hxg3 18. hxg3 Ne5 19. Bg2 Neg4 20. Bd4 Qh5 21. Rfe1 Qh2+ (
21... Ne5 22. Bxe5 Qxe5 $11) 22. Kf1 Nh5 23. Qe2 Nxg3+ $1 {
La meilleure option du combat.} 24. fxg3 Qxg3 25. Bg1 Nh2+ (25... Bh4 $1 26. e5
Qf4+ 27. Qf3 Qxf3+ 28. Bxf3 Bxe1 29. Bxg4 Bxc3 30. bxc3 Rd8 $11) 26. Bxh2 Qxh2
27. Qf3 Rh6 28. e5 Rh4 29. Re4 Rxe4 30. Qxe4 Bc5 31. Ke2 (31. Ne2 $1 $16) 31...
Qg3 32. Rd2 $1 Rd8 33. Rxd8+ Kxd8 34. Qd3+ Qxd3+ 35. Kxd3 f5 36. exf6 gxf6 37.
Ne4 Be7 38. Bh3 Kc7 39. Kc4 {Pas le bon plan. Les Blancs devaient mener leur
roi en f5 afin de gagner le pion f, tandis que le fou devait garder l'aile
dame sous contrA'le.} 39... b5+ 40. Kd4 a5 $1 41. Be6 a4 $1 {
Martin prA pare l'A change des pions en vue d'annulerA-/+.} 42. Bf5 Kb6 43. Nc3
Bd6 44. Bd7 Be5+ 45. Kd3 Kc7 46. Be8 Kb6 47. Kc2 f5 48. Na2 f4 49. Nb4 c5 50.
Nd5+ Ka5 51. Bh5 b4 {
A cause de la poussA e a5-a4, les Blancs ne peuvent A viter l'A change.} 52.
Be2 Bd6 53. Nf6 bxa3 54. bxa3 c4 $11 1/2-1/2

[Event "Leuze-en-Hainaut Individuels 2019"]
[Site "?"]
[Date "2019.05.29"]
[Round "1"]
[White "Mueller, Martin"]
[Black "Real, Thibault"]
[Result "1/2-1/2"]
[WhiteElo "2025"]
[BlackElo "2279"]
[Annotator "Real,T"]
[PlyCount "61"]
[SourceDate "2019.06.19"]

1. d4 Nf6 2. Bg5 {La partie commence avec une Trompovsky, ce qui n'est pas
pour me plaire. Je devais m'y interesser depuis un moment du cote noirs mais
ne l'ai pas fait et m'en suis mordu les doigts.} 2... c5 {J'espere retomber
dans une ligne que je connais du cote blancs car la au moins je connais les
plans.} 3. d5 Qb6 4. Nc3 Qxb2 5. Bd2 {J'ai de la chance, mon adversaire joue
la ligne dans laquelle j'esperais me retrouver.} 5... Qb6 6. e4 d6 7. f4 e6 8.
Nf3 ({Dans mes souvenirs, la variante a jouer pour poser des problemes aux
noirs etait la suivante.} 8. Rb1 Qc7 9. Bb5+ Bd7 10. dxe6 fxe6 11. Nf3 Be7 12.
Bc4 {Le but etant de forcer les noirs a reprendre en e6 du pion f pour
affaiblir les cases blanches et preparer la poussee e5 pour fracturer la
structure noire.}) 8... exd5 {J'avais deja joue une partie identique du cote
blancs ou j'avais repris en d5 du pion e mais n'avais eu aucun jeu pour le
pion sacrifie. La structure est figee et ne permet plus aucune percee pour
activer les pieces. Les noirs ont alors juste a se developper sans hate pour
laisser le pion de plus faire la difference. Inutile de dire que c'est ce que
j'esperais voir dans la partie. A ce moment-ci, j'etais persuade que mon
adversaire s'etait trompe dans l'ouverture.} 9. e5 $1 {Ce coup m'a surpris car
je pensais ne pas avoir de problemes apres dxe5 fxe5 Ce4 mais j'avais
vraissemblablement tort.} 9... dxe5 10. fxe5 Ne4 11. Nxd5 Qd8 12. Bb5+ Nc6 13.
c4 {La variante a laquelle je m'attendais. Les blancs accelerent leur roque en
jouant Fb5+ et soutiennent leur fort cavalier en jouant c4. A noter qu'ils
n'ont donc aucun interet a prendre en c6 avec le fou car cela reviendrait a
chasser leur cavalier de leur plein gre.} 13... Be7 {Je pensais pouvoir m'en
sortir sans encombre apres avoir joue 0-0. Je prefere attendre avant de jouer
Cxd2 car meme si je veux prendre la paire de fous et par la meme occasion me
debarasser de mon cavalier instable en e4, je considerais comme une erreur de
bouger le fou maintenant pour le sauver a cause de Da5+. Je n'ai moi-meme pas
peur de perdre le mien en e7 car le cavalier d5 est actuellement beaucoup plus
fort.} 14. O-O Nxd2 {Dernier moment pour le prendre avant qu'il bouge, auquel
cas mon cavalier se retrouverait vulnerable en e4.} 15. Qxd2 O-O {Je parviens
finalement a roquer et aimerais vraiment pouvoir jouer Fg4 et Fxf3 pour
installer mon cavalier en d4. Je profiterais alors d'un net avantage, avec un
pion de plus et un cavalier indelogeable en d4.} 16. Rad1 Bg4 {
J'execute mon idee, en ratant un detail ...} 17. Qf4 $1 {C'est a ce moment-la
que je me rends compte de ma betise, j'ai rate le vis-a-vis Dame-Tour. Df4
permet d'attaquer le fou g4 et de menacer une decouverte gagnant la dame avec
Cf6+.} 17... Bxf3 {Je pouvais encore jouer Fd7 pour eviter de donner la dame
mais j'ai fait une faute de calcul me poussant a choisir Fxf3 plutot que Fd7.}
18. Nf6+ Bxf6 19. Rxd8 {Ici je pensais gagner le pion e5 en plus de la tour,
mais mon calcul etait faux. Je croyais Taxd8, Txf3 Fxe5 mais bien sur les
blancs prennent le fou f6 et pas le fou f3. Si j'essaie de prendre e5 avant de
reprendre la tour, alors cela donne le temps aux blancs de prendre en f8 avec
echec avant de bouger la dame. Bref, une erreur stupide qui me coute cher.}
19... Bxd8 20. Rxf3 Nd4 {Si je veux une quelconque chance de m'en sortir, il
faut absolument empecher Fxc6. De plus, mon cavalier en d4 rayonne et est
indelogeable. Malgre le desquilibre materiel, j'ai de tres bonnes chances de
nulle grace a mon cavalier d4 et la difference de securite entre les rois. (Le
mien est beaucoup moins expose)} 21. Re3 Ba5 $2 {Ce coup m'a considerablement
complique la tache. Je m'en voulais d'avoir rate Df4 et ai blitze mon coup
alors que j'aurais du prendre un peu de temps pour comprendre la position. De4
pose pas mal de questions genantes aux noirs. A la place de Fa5, il aurait
fallu jouer a6 et b5 pour mettre la majorite en route et dissuader les blancs
de s'eloigner de l'aile dame. Le desequilibre materiel ne modifie pas les
regles strategiques elementaires. Le plan des blancs est de mater le roi le
plus vite possible et en reponse les noirs doivent generer un maximum de
contre-jeu a l'aile dame.} 22. Qe4 Nxb5 {Decision prise a contre-coeur. J'ai
commence a me sentir tres en danger a la vue de Dxb7 et de la tour qui pouvait
coulisser sur la 3eme rangee. Le probleme si je sauvais simplement le pion b
en le poussant c'est que le fou de cases blanche pouvait se recycler et
participer a l'attaque. J'ai juge que mon cavalier en d4 ne participait pas
suffisamment a la defense et que j'aurais plus de chances de me defendre en me
creant un pion c passe protege. A noter que je controle deja la case c3 grace
au fou a5. Apres analyse, je ne suis toujours pas sur que c'etait la bonne
decision a prendre.} 23. Rh3 {
Coup intermediaire pour forcer h6 et affaiblir mon roi.} 23... h6 24. cxb5 b6
25. Rg3 Rfe8 $4 {Grosse erreur! Cela donne l'opportunite a mon adversaire de
jouer 26. ... e6! En effet, 27. Txe6 est impossible a cause de la tour a8 et
sur 27. fxe6, 27. ... Db7! mettrait un terme a la partie rapidement.} 26. Qg4
$2 {Mon adversaire rate egalement le coup gagnant} 26... g6 27. Qe4 Rad8 {
Je profite du petit temps-mort laisse par mon adversaire pour activer mes
pieces.} 28. Rxg6+ {Mon adversaire decide que la partie a suffisamment dure et
que le risque encouru si mes pieces venaient a s'activer davantage etait trop
grand. Il me force a repeter les coups avec la sequence suivante...} 28... fxg6
29. Qxg6+ Kf8 30. Qxh6+ Ke7 31. Qf6+ {
Et le roi noir ne peut s'echapper de l'echec perpetuel Df6-c6.} 1/2-1/2